| 000 | 00350nam a2200145Ia 4500 | ||
|---|---|---|---|
| 005 | 20250411073807.0 | ||
| 008 | 240331s9999 xx 000 0 und d | ||
| 020 | _a9555540349 | ||
| 082 |
_bJAY _a891 |
||
| 100 | _aJayathilake,K | ||
| 245 | 0 | _amahallekuge prema kathawa | |
| 260 |
_aColombo _bLight publishers _c1992 |
||
| 300 | _a127 p ., | ||
| 942 | _cL | ||
| 999 |
_c4799 _d4799 |
||